| 000 | 01309cam a22002415a 4500 | ||
|---|---|---|---|
| 001 | L159249 | ||
| 008 | 120215s2015 xxk f 000 0 eng d | ||
| 035 | _a(Sirsi) u159249 | ||
| 041 | 0 | _aeng | |
| 110 | 2 |
_aBuilding Cost Information Service _91096 |
|
| 245 | 0 | 0 |
_aHousing development _bthe economics of small sites - the effect of project size on the cost of housing construction _h[electronic resource] |
| 260 |
_bBCIS _c2015 |
||
| 520 | _aReport for the Federation of Small Businesses shows that the build cost expressed in £/m2 for all residential schemes of 10 units or less is on average 6% higher than on large developments. There is no evidence that it is taken into account when assessing the viability of smaller schemes and some local planning authorities are setting section 106 or Community Infrastructure Levy (CIL) rates for smaller developments without making allowance for these extra costs. | ||
| 521 | _aAdvanced | ||
| 590 | _aKA | ||
| 650 | 2 | 4 | _aSMALL BUSINESSES |
| 650 | 2 | 4 | _aCONSTRUCTION COSTS |
| 651 | 4 | _aUnited Kingdom | |
| 690 |
_aCost management _96233 |
||
| 710 | 1 |
_aFederation of Small Businesses _91084 |
|
| 856 | 4 | 0 |
_uhttps://www.fsb.org.uk/docs/default-source/Publications/reports/bcis.pdf?sfvrsn=0 _zView the report online for free at www.fsb.org.uk... |
| 942 | _n0 | ||
| 999 |
_c115766 _d115766 |
||